H FICHE 2 : LA CHINE - Statistiques

Statistiques générales
  • Ce quiz a été pris 2 fois
  • Le résultat moyen est 2 sur 69
Statistiques - réponses
Évènement Date % Correct
État Fantoche Mandchoukouo (année) 1932
100%
Japon quitte la SDN (année) 1933
100%
Massacre de Shangaï par KMT sur PCC (jour+mois+année) 12 avril 1927
0%
Traité d'amitié, d'alliance et d'assistance mutuelle URSS (jour+mois+année) 14 février 1950
0%
mort Yaobang, manifestations étudiantes (jour+mois+année) 15 avril 1989
0%
Première guerre sino-japonaise (année) 1895
0%
Premier Front Uni, PCC-KMT (année) 1924
0%
Guerre civile PCC-KMT (année-année) 1927-1936
0%
Incident de Mukden, invasion Mandchourie (année) 1931
0%
Mao dirige PCC, "guerre prolongée" (année) 1935
0%
Deuxième Front Uni (année) 1937
0%
Kai shek intègre les 4 grand alliés (année) 1942
0%
Opération Ichi Go, affaiblissement KMT (année) 1944
0%
Campagnes de répression opps (année-année) 1950-1951
0%
Guerre de Corée, envoi 2M volontaires (année-année) 1950-1953
0%
Campagne des Trois Anti (année) 1951
0%
Campagne des Cinq Anti (année) 1952
0%
Début collectivisation (année) 1953
0%
Premier plan quinquennal (année-année) 1953-1957
0%
Grande Famine (année-année) 1959-1961
0%
Rupture relations sino-soviétiques (année) 1960
0%
Conférence des 7 000 cadres (année) 1962
0%
ÉVOCATION Politique des Quatre Modernisations par Enlai (année-année) 1963-1965
0%
Crise sein du parti (année) 1965
0%
Début révolution cult, création Gardes Rouges (année) 1966
0%
Reconnaissance RPC par ONU (année) 1971
0%
Visite Nixon en RPC (année) 1972
0%
Programme des Quatre Modernisations (année) 1978
0%
PIB x4 (année-année) 1978-1992
0%
Politique de l'Enfant Unique (année-année) 1979-2015
0%
Zones Économiques Spéciales, IDE (année) 1980
0%
14 villes côtières aux IDE (année) 1984
0%
Premiers mouvements étudiants pro-démocratie (année) 1986
0%
Début privatisation entreprises (année) 1988
0%
Relance réformes éco (année) 1992
0%
Zemin au pouvoir (année-année) 1992-2002
0%
Rétrocession Hong Kong et Macao (année-année) 1997-1999
0%
Proclamation RPC (jour+mois+année) 1 octobre 1949
0%
Entrée OMC (année) 2001
0%
Jintao au pouvoir (année-année) 2002-2012
0%
JO Pékin (année) 2008
0%
Crise éco asiatique (année) 2008
0%
BRICS (année) 2009
0%
Chine 2e puissance mondiale (année) 2010
0%
Arrivée pouvoir Xi Jinping (année) 2012
0%
Nouvelles routes de la soie (année) 2013
0%
Crédit social (année) 2014
0%
Révision Constitution mandat (année) 2018
0%
Guerre commerciale USA-Chine (année-année) 2018-2020
0%
Discours "réunification inévitable" Taïwan (année) 2021
0%
Objectif neutralité carbone (année) 2060
0%
Répression et envoi des blindés (jour-jour+mois+année) 3-4 juin 1989
0%
Mort Mao Zedong (jour+mois+année) 9 septembre 1976
0%
Boom éco, croissance 10%/an (années ....) années 1980
0%
Capitulation Japonaise (mois+année) aout 1945
0%
Prise de Nakin par PCC (mois+année) avril 1949
0%
Prise de Nankin, massacres (mois+année) décembre 1937
0%
Arrivée Deng Xiaoping au pouvoir (mois+année) décembre 1978
0%
politique de "réforme et ouverture" (dès année) dès 1978
0%
Reprise hostilités KMT-PCC (saison+année) été 1946
0%
Incident du Pont Marco Polo, invasion Chine (mois+année) juillet 1937
0%
Conférence de Lushan (mois-mois+années) juillet-aout 1959
0%
Campagne des Cents Fleurs (mois+année) mai 1956
0%
Grand Bon en Avant (mois+année) mai 1958
0%
1M manifestants Place Tian'anmen (mois+année) mai 1989
0%
Révolte Tibétaine (mois+année) mars 1959
0%
Bataille de Huaïhaï, tournant PCC (mois+année-mois+année) novembre 1948-janvier 1949
0%
Longue Marche PCC (mois+année-mois+année) octobre 1934-octobre 1935
0%
Élimination Bande des Quatre, fin off Révolution cult (mois+année) octobre 1976
0%
Aucun quiz correspondant
Distribution des résultats
% des personnes avec chaque résultat
Percentile par nombre de réponses
Votre historique - résultats
Vous n’avez pas pris ce quiz